| 000 | 00742nam a22001937a 4500 | ||
|---|---|---|---|
| 003 | OSt | ||
| 005 | 20240905142554.0 | ||
| 008 | 240905b ||||| |||| 00| 0 eng d | ||
| 040 | _cAIMIT LIBRARY | ||
| 100 |
_aKotian, Rakshith B. _e2216154 _9178837 |
||
| 245 |
_aStudy on performance evaluation of selected initial public offering in an indian stock market / _cBy Rakshith B Kotian ; Guided by Swapna Rose. |
||
| 260 |
_aUdupi ; _c2024. |
||
| 650 |
_aIndustry profile company profile and introduction of the study _9178838 |
||
| 650 |
_aResearch methodology _9178839 |
||
| 650 |
_aData analysis and interpretation _9178840 |
||
| 700 |
_aRose, Swapna. _eGuide _9178841 |
||
| 856 | _3Anandrathi share and stock brokers ltd | ||
| 942 |
_2ddc _cPRO |
||
| 999 |
_c231761 _d231761 |
||